000 00568cam a22002053a 4500
001 38971
003 PGUSA
005 20140828083848.0
008 120224s2012||||xxu|||||s|||||000 | eng d
040 _aPGUSA
_beng
042 _adc
100 1 _aSue, Eugène,
_d1804-1857
245 1 0 _aLa coucaratcha (I/III)
_h[electronic resource] /
_cEugène Sue
260 _bProject Gutenberg,
_c2012
506 _aPublic domain in the USA.
516 _aElectronic text
830 0 _aProject Gutenberg
_v38971
856 4 0 _uhttp://www.gutenberg.org/ebooks/38971
942 _cEB
999 _c268224
_d268224